The English Garden : (Record no. 602036)

MARC details
000 -LEADER
fixed length control field 00450nam a2200181 a 4500
008 - FIXED-LENGTH DATA ELEMENTS--GENERAL INFORMATION
fixed length control field 251210s2008##################000#0#eng##
020 ## - INTERNATIONAL STANDARD BOOK NUMBER
ISBN 9780714848921
082 04 - DEWEY DECIMAL CLASSIFICATION NUMBER
Classification number 635.90942
Item number PHA
100 1# - MAIN ENTRY--AUTHOR NAME
Personal name Press, Editors of Phaidon,
245 10 - TITLE STATEMENT
Title The English Garden :
260 ## - PUBLICATION, DISTRIBUTION, ETC. (IMPRINT)
Name of publisher Phaidon Press,
Year of publication 2008.
650 #0 - SUBJECT ADDED ENTRY--TOPICAL TERM
Topical Term Gardening.
942 ## - ADDED ENTRY ELEMENTS (KOHA)
Koha item type English Books
Holdings
Withdrawn status Lost status Damaged status Not for loan Home library Current library Shelving location Date acquired Full call number Accession Number Price effective from Koha item type
        Anna Centenary Library Anna Centenary Library 6TH FLOOR, A WING 10.12.2025 635.90942 PHA 329329 10.12.2025 English Books

Find us on the map